Návrh opatrení na skvalitnenie činnosti personálneho manažmentu v podniku EKOBAL, s.r.o. Dolný Lieskov : Diplomová práca

Enregistré dans:
Détails bibliographiques
Auteur principal: Lednická, Slávka (Auteur)
Autres auteurs: Štrpka, Alexander, 1938- (xxx)
Format: Manuscrit Livre
Langue:slovaque
Publié: Trnava : STU v Bratislave MtF KPIM, 2005
Sujets:
Tags: Ajouter un tag
Pas de tags, Soyez le premier à ajouter un tag!

MARC

LEADER 00000ntm a22000003a 4500
001 stu94580
005 20160719154521.1
008 050620s2005----xo------------------slo-d
040 |a STU  |b slo 
041 0 |a slo 
044 |a xo 
100 1 |a Lednická, Slávka  |4 aut 
245 1 |a Návrh opatrení na skvalitnenie činnosti personálneho manažmentu v podniku EKOBAL, s.r.o. Dolný Lieskov :  |b Diplomová práca 
260 |a Trnava :  |b STU v Bratislave MtF KPIM,  |c 2005 
300 |a 74 s  |c príl (1 CD) 
650 7 |a priemyselné inžinierstvo a manažment  |2 stusub 
650 7 |a personalistika  |2 stusub 
700 1 |a Štrpka, Alexander,  |d 1938-  |4 xxx  |u M190  |U MTF Materiálovotechnologická fakulta  |T MTF Katedra priemyselného inžinierstva a manažmentu  |X 1490  |U M190  |Y 167  |7 A000001490 
996 |b 284M052195  |c M*DP-5696  |l MMSKP  |s P  |a 0  |w stu94580_0001